00764nam a2200193 i 4500001001100000003000500011005001700016008004100033040002500074082002000099245015800119264012600277300004800403336002100451337002500472338002300497500002100520650002900541C2-0341514PPAK20190626222754.0170402s2016 my a|||| ||||| | may d aPPAKbengcPPAKerda04a923.159511222300aAcara-acara sempena sambutan keberangkatan pulang Kebawah Duli Yang Maha Mulia Tuanku Sultan Kedah sebagai Seri Paduka Baginda Yang Di-Pertuan Agong XIV 1aAlor Setar, Kedah : bBahagian Istiadat & Pengurusan Majlis, Pejabat Setaiusaha Kerajaan Negeri Kedah Darul Aman , c2016 a[26 pages] : bcolour photographs ; c20 cm 2rdacontentatext 2rdamediaaunmediated 2rdacarrieravolume aBuku Cenderamata10aKedah - King and rulers.